|
|
|
|
| LEADER |
00000nab a2200000 a 4500 |
| 001 |
vtls000928955 |
| 003 |
SK-MaSNL |
| 005 |
20260304021805.0 |
| 008 |
210623e20030410xo 0 slo |
| 035 |
|
|
|a KE37832
|
| 040 |
|
|
|a KEVKJB
|b slo
|c KEVKJB
|e AACR2
|
| 041 |
0 |
|
|a slo
|
| 044 |
|
|
|a xo
|c SK
|
| 080 |
|
|
|a 792.8
|2 1981
|
| 100 |
0 |
|
|a kid
|4 aut
|9 880185
|
| 245 |
1 |
0 |
|a Tri ocenenia baletu
|b Zvláštna radosť žiť opäť na doskách ŠD
|
| 300 |
|
|
|b 1 obr.
|
| 610 |
2 |
7 |
|a Štátne divadlo Košice
|2 KEVKJB
|9 120184
|
| 610 |
2 |
7 |
|a Divadlo Janka Borodáča
|2 KEVKJB
|9 232364
|
| 650 |
0 |
7 |
|a balet
|2 KEVKJB
|9 3337
|
| 650 |
0 |
7 |
|a Zvláštna radosť žiť (inscenácia)
|2 KEVKJB
|9 1300083
|
| 650 |
0 |
7 |
|a informácie
|2 KEVKJB
|9 1285
|
| 651 |
|
7 |
|a Košice (Slovensko)
|2 KEVKJB
|9 18694
|
| 651 |
|
7 |
|a KE,
|2 KEVKJB
|9 877256
|
| 655 |
|
7 |
|a periodikum
|2 snkbucl
|9 29553
|
| 710 |
2 |
|
|a Štátne divadlo Košice
|4 aut
|9 120184
|
| 773 |
0 |
8 |
|t Košický večer
|g Roč. 14
|g Roč. 35, č.70, 10.4.2003, s. 8
|
| 852 |
|
|
|a ZVYKNI
|b KIS3GCP
|
| 999 |
|
|
|c 2607721
|d 2609651
|